Izotachoforetické stanovenie morfínu v biologických vzorkách

Na minha lista:
Detalhes bibliográficos
Autor principal: Bednáriková, Anna (Author)
Formato: Manuscrito Livro
Idioma:eslovaco
Publicado em: Bratislava : STU v Bratislave FCHPT, 2002
Edição:Obháj.: 3.6.2002
Tags: Adicionar Tag
Sem tags, seja o primeiro a adicionar uma tag!

MARC

LEADER 00000ntm a22000003a 4500
001 stu76289
005 20150617225644.3
008 020626s2002----xo------------------slo-d
040 |a STU  |b slo 
041 0 |a slo 
044 |a xo 
100 1 |a Bednáriková, Anna  |4 aut 
245 1 |a Izotachoforetické stanovenie morfínu v biologických vzorkách 
250 |a Obháj.: 3.6.2002 
260 |a Bratislava :  |b STU v Bratislave FCHPT,  |c 2002 
300 |a 49 s. Tab.,grafy,lit 
500 |a Špec.: Analytická chémia 
996 |b 284C026833  |c C*D13473  |l CCI  |s A  |a 24  |w stu76289_0001